Slovenská ekonomika v kontexte vývoja svetovej ekonomiky. 1 Slovenská ekonomika v polovici roku 1995

Stručná rekapitulácia oživenia slovenskej ekonomiky od r. 1994 z makroekonomického hľadiska. Profitovanie z medzinárodnej hospodárskej konjunktúry. Dynamika zahraničného obchodu SR.

Na minha lista:
Detalhes bibliográficos
Autor principal: Komínková, Zora
Formato: Capítulo de Livro
Idioma:eslovaco
Assuntos:
Tags: Adicionar Tag
Sem tags, seja o primeiro a adicionar uma tag!

MARC

LEADER 00000naa a2200000 4500
001 r019553
005 20221213095934.2
041 0 |a slo 
044 |a SK 
245 1 0 |a Slovenská ekonomika v kontexte vývoja svetovej ekonomiky. 1  |b Slovenská ekonomika v polovici roku 1995  |c Zora Komínková 
520 |a Stručná rekapitulácia oživenia slovenskej ekonomiky od r. 1994 z makroekonomického hľadiska. Profitovanie z medzinárodnej hospodárskej konjunktúry. Dynamika zahraničného obchodu SR. 
610 2 0 |a Slovensko 
610 2 0 |a 1994 
610 2 0 |a január-jún 
610 2 0 |a 1995 
610 2 0 |a hospodárstvo národné 
610 2 0 |a hospodárstvo svetové 
610 2 0 |a oživenie 
610 2 0 |a obchod zahraničný 
100 1 |a Komínková, Zora